[Event "NAYCC U08 w"]
[Site "Toronto CAN"]
[Date "2013.08.17"]
[Round "6"]
[White "Radin, Claire"]
[Black "Gilani, Mysha"]
[Result "0-1"]
[WhiteElo "864"]
[BlackElo "1004"]
[PlyCount "58"]
[GameId "2160767909250486"]
[EventDate "2013.08.14"]
[EventType "swiss"]
[EventRounds "9"]
[EventCountry "CAN"]
[SourceTitle "EXT 2022"]
[Source "ChessBase"]
[SourceDate "2021.10.06"]
[SourceVersion "1"]
[SourceVersionDate "2021.10.06"]
[SourceQuality "1"]

1. e4 e5 2. Nf3 Nc6 3. Bc4 Bc5 4. Nc3 Nf6 5. d3 d6 6. Bg5 h6 7. Be3 Bb6 8. O-O Bg4 9. Nd5 Be6 10. Nxb6 cxb6 11. Bxe6 fxe6 12. Re1 Qe7 13. Qd2 O-O-O 14. Qc3 Kb8 15. Bd2 Rc8 16. Qb3 g5 17. d4 g4 18. Nh4 Nxd4 19. Qd3 Nxc2 20. Ng6 Nxe1 21. Bxe1 Qc7 22. Nxh8 Rxh8 23. Bb4 d5 24. exd5 exd5 25. Qa3 Ne4 26. f3 gxf3 27. gxf3 Rg8+ 28. Kf1 Qg7 29. Re1 Qg2# 0-1

[Event "NAYCC U08 w"]
[Site "Toronto CAN"]
[Date "2013.08.17"]
[Round "6"]
[White "Radin, Paige"]
[Black "Sivapathasundaram, Nithusa"]
[Result "1-0"]
[WhiteElo "657"]
[BlackElo "533"]
[PlyCount "35"]
[GameId "2160767909250487"]
[EventDate "2013.08.14"]
[EventType "swiss"]
[EventRounds "9"]
[EventCountry "CAN"]
[SourceTitle "EXT 2022"]
[Source "ChessBase"]
[SourceDate "2021.10.06"]
[SourceVersion "1"]
[SourceVersionDate "2021.10.06"]
[SourceQuality "1"]

1. e4 e5 2. Nf3 Nc6 3. Nc3 Nf6 4. Bc4 d6 5. d3 Bg4 6. Bg5 d5 7. exd5 Na5 8. Qe2 Bb4 9. O-O O-O 10. a3 Bc5 11. b4 Nxc4 12. dxc4 Bxf2+ 13. Rxf2 Ne4 14. Bxd8 Nxf2 15. Qxf2 Raxd8 16. Ng5 c6 17. Qh4 cxd5 18. Qxh7# 1-0

[Event "NAYCC U08 w"]
[Site "Toronto CAN"]
[Date "2013.08.17"]
[Round "6"]
[White "Yu, Larina R"]
[Black "Shen, Isamel"]
[Result "0-1"]
[WhiteElo "630"]
[BlackElo "725"]
[PlyCount "30"]
[GameId "2160767909250488"]
[EventDate "2013.08.14"]
[EventType "swiss"]
[EventRounds "9"]
[EventCountry "CAN"]
[SourceTitle "EXT 2022"]
[Source "ChessBase"]
[SourceDate "2021.10.06"]
[SourceVersion "1"]
[SourceVersionDate "2021.10.06"]
[SourceQuality "1"]

1. e4 e5 2. Bc4 Nf6 3. Nc3 Nxe4 4. Bxf7+ Kxf7 5. Nxe4 Nc6 6. Nf3 d5 7. Neg5+ Kg8 8. O-O Bg4 9. d3 e4 10. dxe4 dxe4 11. Qxd8 Rxd8 12. Nh4 Be7 13. Re1 Bd1 14. Rxe4 Bxc2 15. Rc4 Rd1# 0-1

[Event "NAYCC U08 w"]
[Site "Toronto CAN"]
[Date "2013.08.17"]
[Round "7"]
[White "Gilani, Mysha"]
[Black "Matus, Nastassja"]
[Result "0-1"]
[WhiteElo "1064"]
[BlackElo "1352"]
[PlyCount "134"]
[GameId "2160767909250490"]
[EventDate "2013.08.14"]
[EventType "swiss"]
[EventRounds "9"]
[EventCountry "CAN"]
[SourceTitle "EXT 2022"]
[Source "ChessBase"]
[SourceDate "2021.10.06"]
[SourceVersion "1"]
[SourceVersionDate "2021.10.06"]
[SourceQuality "1"]

1. e4 c5 2. Nf3 Nc6 3. c3 Nf6 4. d3 e6 5. Be2 Be7 6. O-O O-O 7. Re1 d5 8. e5 Nd7 9. d4 cxd4 10. cxd4 Re8 11. Bd2 Qb6 12. Bc3 Qc7 13. Nbd2 Nf8 14. Qc2 Ng6 15. a3 a6 16. b4 Bd7 17. Bd3 Rac8 18. Rac1 Qb6 19. Qb2 Nf4 20. Qb1 Nxd3 21. Qxd3 Bd8 22. Rb1 Ne7 23. Ng5 Ng6 24. Ngf3 Bb5 25. Qc2 Re7 26. a4 Be8 27. h4 Rec7 28. Re3 Nxh4 29. Nxh4 Bxh4 30. Rh3 h6 31. a5 Qa7 32. Ra1 Be7 33. Rb1 b6 34. Rf3 bxa5 35. bxa5 Qxd4 36. Bxd4 Rxc2 37. Nb3 Bb4 38. Be3 Ra2 39. Rg3 Kh7 40. Bb6 Rcc2 41. f3 Ra3 42. Nd4 Bc5 43. Bxc5 Rxc5 44. Rb8 Rc4 45. Ne2 Ra1+ 46. Kf2 Bb5 47. Rb7 Rc2 48. f4 Rxe2+ 49. Kf3 Ra3+ 50. Kg4 h5+ 51. Kh4 Rxg3 52. Kxg3 Rd2 53. Rxf7 d4 54. f5 exf5 55. Rxf5 Kg6 56. Kf4 Rf2+ 57. Ke4 Rxf5 58. Kxd4 Rg5 59. Kd5 Rxg2 60. e6 Re2 61. Kd6 h4 62. e7 h3 63. Kc7 h2 64. Kb8 h1=Q 65. Kc8 Rxe7 66. Kd8 Ra7 67. Kc8 Qh8# 0-1

[Event "NAYCC U08 w"]
[Site "Toronto CAN"]
[Date "2013.08.17"]
[Round "7"]
[White "Hsu, Skylar"]
[Black "Radin, Claire"]
[Result "1-0"]
[WhiteElo "1210"]
[BlackElo "864"]
[PlyCount "37"]
[GameId "2160767909250491"]
[EventDate "2013.08.14"]
[EventType "swiss"]
[EventRounds "9"]
[EventCountry "CAN"]
[SourceTitle "hb 2013"]

1. e4 e5 2. Nf3 Nc6 3. Bc4 Bc5 4. c3 Nf6 5. d4 exd4 6. cxd4 Bb4+ 7. Bd2 Nxe4 8. Bxb4 Nxb4 9. Bxf7+ Kxf7 10. Qb3+ d5 11. Qxb4 Rf8 12. Ne5+ Kg8 13. O-O Qd6 14. Qe1 Qb6 15. Nc3 Qxb2 16. Nxe4 dxe4 17. Qxe4 Rxf2 18. Qd5+ Kf8 19. Qd8# 1-0

[Event "NAYCC U08 w"]
[Site "Toronto CAN"]
[Date "2013.08.17"]
[Round "7"]
[White "Levkov, Sabina"]
[Black "Atanasova, Rada"]
[Result "0-1"]
[WhiteElo "451"]
[BlackElo "565"]
[PlyCount "136"]
[GameId "2160767909258684"]
[EventDate "2013.08.14"]
[EventType "swiss"]
[EventRounds "9"]
[EventCountry "CAN"]
[SourceTitle "hb 2013"]

1. e4 e5 2. Nf3 Nc6 3. Nc3 Nf6 4. d4 d6 5. dxe5 dxe5 6. Qxd8+ Kxd8 7. Bc4 Bb4 8. Bg5 Nd4 9. Nxe5 Ke8 10. O-O-O Nc6 11. Nxc6 bxc6 12. Bxf6 gxf6 13. Ne2 Bg4 14. f3 Be6 15. Bxe6 fxe6 16. Nd4 Kd7 17. a3 Bd6 18. Rd3 Rhg8 19. Rb3 Rxg2 20. h4 Rag8 21. Rb7 Bf4+ 22. Kb1 c5 23. Nb5 c4 24. Rxa7 Rg1+ 25. Rxg1 Rxg1+ 26. Ka2 Rc1 27. c3 Rh1 28. h5 Rxh5 29. Nd4 Rh2 30. Ra4 h5 31. Rxc4 h4 32. a4 h3 33. a5 Rg2 34. a6 Rg8 35. Rc5 Rh8 36. Ne2 Bd6 37. Ra5 h2 38. a7 Ra8 39. Rh5 Rxa7+ 40. Kb3 Ra1 41. Rxh2 Bxh2 42. Kc4 Rf1 43. f4 Bxf4 44. b4 Rb1 45. b5 Bd6 46. Nd4 f5 47. exf5 exf5 48. Nf3 c6 49. bxc6+ Kxc6 50. Nd2 Rd1 51. Nb3 f4 52. Nd4+ Kd7 53. Ne2 f3 54. Ng3 Bxg3 55. Kb5 f2 56. c4 f1=Q 57. Kb4 Qxc4+ 58. Kxc4 Kd6 59. Kb5 Rc1 60. Kb4 Kd5 61. Kb3 Kd4 62. Kb2 Rc8 63. Kb3 Bd6 64. Kb2 Kd3 65. Kb3 Rb8+ 66. Ka2 Kc3 67. Ka1 Kc2 68. Ka2 Ra8# 0-1

[Event "NAYCC U08 w"]
[Site "Toronto CAN"]
[Date "2013.08.17"]
[Round "7"]
[White "Schlaak, Alexis J"]
[Black "Gorti, Atmika"]
[Result "0-1"]
[WhiteElo "863"]
[BlackElo "659"]
[PlyCount "54"]
[GameId "2160767909258685"]
[EventDate "2013.08.14"]
[EventType "swiss"]
[EventRounds "9"]
[EventCountry "CAN"]
[SourceTitle "EXT 2022"]
[Source "ChessBase"]
[SourceDate "2021.10.06"]
[SourceVersion "1"]
[SourceVersionDate "2021.10.06"]
[SourceQuality "1"]

1. e4 e5 2. Nf3 Nc6 3. Bc4 Bc5 4. d3 Nf6 5. Ng5 O-O 6. O-O d6 7. Nc3 Bg4 8. Qe1 Nd4 9. Qd2 h6 10. Nxf7 Rxf7 11. Bxf7+ Kxf7 12. h3 Bh5 13. Nd5 Kg8 14. Nxf6+ Qxf6 15. Qc3 Qg6 16. Qc4+ Kh7 17. Kh1 b5 18. Qd5 Rf8 19. Be3 Nxc2 20. Rac1 Nxe3 21. fxe3 Rf6 22. d4 Bb6 23. dxe5 dxe5 24. Rc2 Rxf1+ 25. Kh2 Bxe3 26. Rxc7 Bf4+ 27. g3 Qxg3# 0-1

[Event "NAYCC U08 w"]
[Site "Toronto CAN"]
[Date "2013.08.17"]
[Round "7"]
[White "Shen, Isamel"]
[Black "Radin, Paige"]
[Result "0-1"]
[WhiteElo "725"]
[BlackElo "657"]
[PlyCount "108"]
[GameId "2160767909258686"]
[EventDate "2013.08.14"]
[EventType "swiss"]
[EventRounds "9"]
[EventCountry "CAN"]
[SourceTitle "hb 2013"]

1. e4 e5 2. Nf3 Nc6 3. Bb5 f6 4. O-O Bc5 5. Bxc6 dxc6 6. Nc3 Bg4 7. d3 Ne7 8. Be3 Qd6 9. Qd2 O-O-O 10. d4 exd4 11. Bxd4 Bxf3 12. Qd3 Be2 13. Qxe2 Bxd4 14. Rad1 Qb4 15. a3 Qc5 16. b4 Qxc3 17. Qg4+ Kb8 18. Qxg7 Rhe8 19. Rd3 Qxc2 20. Rfd1 Bxf2+ 21. Kf1 Rxd3 22. Rxd3 Qxd3+ 23. Kxf2 a6 24. Qxf6 Ng8 25. Qf7 Qc2+ 26. Kg3 Qxe4 27. Qf2 Ne7 28. Qc5 Rg8+ 29. Kf2 Qf4+ 30. Ke2 Re8 31. Qh5 Nf5+ 32. Qxe8+ Ka7 33. Qf8 Nd4+ 34. Kd3 Qxf8 35. Kxd4 b6 36. h4 c5+ 37. bxc5 bxc5+ 38. Kc4 a5 39. g4 Qf4+ 40. Kxc5 Qxg4 41. Kb5 Qxh4 42. Kxa5 Qh3 43. a4 c5 44. Kb5 Qc8 45. a5 c4 46. Kb4 c3 47. Kb3 c2 48. Kb2 c1=Q+ 49. Kb3 Qa1 50. Kb4 Ka6 51. Kb3 Qxa5 52. Kb2 Qb5+ 53. Ka3 Qcb8 54. Ka2 Qa5# 0-1

[Event "NAYCC U08 w"]
[Site "Toronto CAN"]
[Date "2013.08.17"]
[Round "7"]
[White "Sivapathasundaram, Nithusa"]
[Black "Yu, Larina R"]
[Result "0-1"]
[WhiteElo "533"]
[BlackElo "630"]
[PlyCount "48"]
[GameId "2160767909258687"]
[EventDate "2013.08.14"]
[EventType "swiss"]
[EventRounds "9"]
[EventCountry "CAN"]
[SourceTitle "EXT 2022"]
[Source "ChessBase"]
[SourceDate "2021.10.06"]
[SourceVersion "1"]
[SourceVersionDate "2021.10.06"]
[SourceQuality "1"]

1. e4 e5 2. d4 Nc6 3. Nf3 Nf6 4. Bg5 Bb4+ 5. Nbd2 h6 6. Bb5 hxg5 7. Qe2 a6 8. Bxc6 dxc6 9. Rd1 Be6 10. a3 Ba5 11. b4 Bb6 12. a4 exd4 13. a5 Ba7 14. b5 cxb5 15. Rb1 Qd7 16. Qxb5 axb5 17. Rxb5 Qxb5 18. Kd1 O-O-O 19. Rf1 Bc4 20. Nxc4 Qxc4 21. Nd2 Qa4 22. Nb1 d3 23. Kd2 Qxc2+ 24. Ke1 Qe2# 0-1

[Event "NAYCC U08 w"]
[Site "Toronto CAN"]
[Date "2013.08.17"]
[Round "7"]
[White "Zhang, Wendy"]
[Black "Minzak, Anna"]
[Result "1-0"]
[WhiteElo "366"]
[BlackElo "867"]
[PlyCount "99"]
[GameId "2160767909258688"]
[EventDate "2013.08.14"]
[EventType "swiss"]
[EventRounds "9"]
[EventCountry "CAN"]
[SourceTitle "hb 2013"]

1. e4 e5 2. Nf3 Nc6 3. Bc4 Bc5 4. O-O Nf6 5. Nc3 O-O 6. d3 d6 7. Bg5 h6 8. Be3 Bb6 9. Qe2 Nd4 10. Qd1 Nxf3+ 11. Qxf3 Bg4 12. Qg3 Qd7 13. Nb5 d5 14. exd5 Nxd5 15. Bd2 Ne7 16. Bb4 Be2 17. Rfe1 Bg4 18. h3 Bf5 19. Rxe5 Bd4 20. Re2 a6 21. Nxd4 Qxd4 22. Qf4 Qxf4 23. Rxe7 Rae8 24. Rxe8 Rxe8 25. Rd1 Qg5 26. Kf1 Qh5 27. Re1 Rxe1+ 28. Kxe1 Bg6 29. g4 Qe5+ 30. Kf1 Qxb2 31. Bb3 Qb1+ 32. Kg2 Qe1 33. Bxe1 Kf8 34. Bb4+ Ke8 35. Ba4+ b5 36. Bb3 Kd7 37. d4 Kc6 38. d5+ Kb6 39. d6 cxd6 40. Bxd6 Be4+ 41. Kg3 f5 42. gxf5 Bxf5 43. h4 a5 44. c3 a4 45. Bd5 Ka5 46. Bb7 a3 47. Bb4+ Ka4 48. Bf3 Bb1 49. Bd1+ Bc2 50. Bxc2# 1-0

[Event "NAYCC U08 w"]
[Site "Toronto CAN"]
[Date "2013.08.17"]
[Round "7"]
[White "Zhu, Harmony"]
[Black "Guo, Hazel"]
[Result "1-0"]
[WhiteElo "1631"]
[BlackElo "961"]
[PlyCount "63"]
[GameId "2160767909258689"]
[EventDate "2013.08.14"]
[EventType "swiss"]
[EventRounds "9"]
[EventCountry "CAN"]
[SourceTitle "hb 2013"]

1. d4 Nf6 2. c4 g6 3. Nc3 Bg7 4. e4 O-O 5. Nf3 d6 6. Be2 Nc6 7. O-O Bd7 8. h3 h6 9. Be3 Rc8 10. a3 a6 11. b4 Re8 12. Rb1 Na7 13. d5 b6 14. c5 dxc5 15. Bxa6 Rb8 16. bxc5 bxc5 17. Bxc5 Rxb1 18. Qxb1 Nc8 19. Qb4 Nb6 20. a4 Bc8 21. Bxc8 Nxc8 22. a5 Nd6 23. e5 Nc8 24. exf6 Bxf6 25. Rd1 Bxc3 26. Qxc3 c6 27. Qc4 cxd5 28. Qxd5 Qxa5 29. Ne5 e6 30. Qd7 Rd8 31. Qxf7+ Kh8 32. Nxg6# 1-0

[Event "NAYCC U08 w"]
[Site "Toronto CAN"]
[Date "2013.08.18"]
[Round "8"]
[White "Gorti, Atmika"]
[Black "Zhu, Harmony"]
[Result "0-1"]
[WhiteElo "659"]
[BlackElo "1631"]
[PlyCount "48"]
[GameId "2160767909258691"]
[EventDate "2013.08.14"]
[EventType "swiss"]
[EventRounds "9"]
[EventCountry "CAN"]
[SourceTitle "EXT 2022"]
[Source "ChessBase"]
[SourceDate "2021.10.06"]
[SourceVersion "1"]
[SourceVersionDate "2021.10.06"]
[SourceQuality "1"]

1. e4 c5 2. Nf3 Nc6 3. d4 cxd4 4. Nxd4 g6 5. Nf3 Bg7 6. Nc3 d6 7. Bb5 Nf6 8. Nd4 Bd7 9. Bg5 O-O 10. O-O Qa5 11. Be2 Qxg5 12. Bf3 Qh6 13. Qd3 Nxd4 14. Qxd4 Ng4 15. Qxg7+ Kxg7 16. h3 Ne5 17. Be2 Rac8 18. Rad1 Nc4 19. b3 Nd2 20. Rfe1 Rxc3 21. Bd3 Nf3+ 22. gxf3 Qxh3 23. Re3 Rc5 24. b4 Rg5# 0-1

[Event "NAYCC U08 w"]
[Site "Toronto CAN"]
[Date "2013.08.18"]
[Round "8"]
[White "Guo, Hazel"]
[Black "Gilani, Mysha"]
[Result "1-0"]
[WhiteElo "961"]
[BlackElo "1004"]
[PlyCount "125"]
[GameId "2160767909258692"]
[EventDate "2013.08.14"]
[EventType "swiss"]
[EventRounds "9"]
[EventCountry "CAN"]
[SourceTitle "EXT 2022"]
[Source "ChessBase"]
[SourceDate "2021.10.06"]
[SourceVersion "1"]
[SourceVersionDate "2021.10.06"]
[SourceQuality "1"]

1. e4 e5 2. Nc3 Nf6 3. f4 d6 4. Nf3 Nbd7 5. Bc4 Be7 6. O-O O-O 7. d3 b6 8. Qe1 Bb7 9. Qg3 Nh5 10. Qg4 Ndf6 11. Qh4 exf4 12. Qf2 Ng4 13. Qe2 Bh4 14. Qd1 Re8 15. Nxh4 Qxh4 16. h3 Ngf6 17. Qe1 Qg5 18. Qf2 d5 19. exd5 Nxd5 20. Nxd5 Bxd5 21. Bxd5 Qxd5 22. Bxf4 Re6 23. Bxc7 Rf6 24. Qe2 Ng3 25. Qe5 Qxe5 26. Bxe5 Rxf1+ 27. Rxf1 Nxf1 28. Kxf1 Rc8 29. c4 f6 30. Bg3 Rd8 31. Ke2 Kf7 32. Ke3 g5 33. h4 h6 34. hxg5 hxg5 35. b4 f5 36. Be5 Re8 37. d4 f4+ 38. Ke4 Rc8 39. c5 bxc5 40. bxc5 Kg6 41. Bd6 Kh5 42. Kf3 Re8 43. c6 Re3+ 44. Kf2 Rc3 45. c7 Rc2+ 46. Kg1 Kh4 47. Bc5 Kg3 48. Kf1 Rf2+ 49. Ke1 Rxg2 50. c8=Q f3 51. Qc7+ Kg4 52. Qd7+ Kg3 53. Bd6+ Kh4 54. Qh7+ Kg4 55. Qe4+ Kh3 56. Qxf3+ Kh4 57. Qxg2 g4 58. Qd5 g3 59. Bxg3+ Kxg3 60. Qe4 Kh3 61. Qg6 Kh2 62. Kf2 Kh3 63. Qg3# 1-0

[Event "NAYCC U08 w"]
[Site "Toronto CAN"]
[Date "2013.08.18"]
[Round "8"]
[White "Matus, Nastassja"]
[Black "Hsu, Skylar"]
[Result "1-0"]
[WhiteElo "1352"]
[BlackElo "1210"]
[PlyCount "151"]
[GameId "2160767909258693"]
[EventDate "2013.08.14"]
[EventType "swiss"]
[EventRounds "9"]
[EventCountry "CAN"]
[SourceTitle "EXT 2022"]
[Source "ChessBase"]
[SourceDate "2021.10.06"]
[SourceVersion "1"]
[SourceVersionDate "2021.10.06"]
[SourceQuality "1"]

1. d4 d5 2. Nf3 e6 3. c4 Nf6 4. Nc3 c6 5. Bf4 Nbd7 6. h3 Bb4 7. Bd2 Bxc3 8. Bxc3 Ne4 9. Bd2 O-O 10. Bf4 Re8 11. e3 Qb6 12. b3 Qb4+ 13. Nd2 Nxd2 14. Qxd2 Qxd2+ 15. Kxd2 e5 16. Bg3 f6 17. Be2 a6 18. Rhd1 a5 19. Ke1 a4 20. Rab1 axb3 21. axb3 Ra2 22. dxe5 dxc4 23. Bxc4+ Kh8 24. exf6 Nxf6 25. Rd4 Bf5 26. Rbd1 h6 27. Rd8 Rxd8 28. Rxd8+ Kh7 29. Be5 Kg6 30. Rd6 Kg5 31. Bf4+ Kh4 32. Bg3+ Kh5 33. Bf7+ Bg6 34. Bxg6+ Kxg6 35. Be5 Ra3 36. Bxf6 gxf6 37. Rd3 Ra1+ 38. Rd1 Ra8 39. Ke2 b5 40. Rc1 Rc8 41. Kf3 c5 42. b4 c4 43. Ke4 Rd8 44. Rc3 Rd2 45. Kf3 Rb2 46. g3 Rb3 47. Rc2 Rxb4 48. Ke2 Ra4 49. Kd2 Ra8 50. Kc3 Ra3+ 51. Kd4 Ra8 52. Kc5 Rb8 53. Kb4 h5 54. Rd2 Kg5 55. Rd5+ f5 56. Rc5 Ra8 57. Rxb5 Ra2 58. f4+ Kf6 59. Kxc4 Rh2 60. Rb6+ Ke7 61. h4 Rg2 62. Rh6 Rxg3 63. Rxh5 Ke6 64. Kd4 Rh3 65. Rh6+ Kf7 66. Ke5 Kg7 67. Rh5 Kg6 68. Rg5+ Kh6 69. Kxf5 Rxh4 70. e4 Rh1 71. e5 Ra1 72. e6 Ra8 73. e7 Re8 74. Kf6 Kh7 75. Kf7 Ra8 76. Rh5# 1-0

[Event "NAYCC U08 w"]
[Site "Toronto CAN"]
[Date "2013.08.18"]
[Round "8"]
[White "Minzak, Anna"]
[Black "Shen, Isamel"]
[Result "0-1"]
[WhiteElo "867"]
[BlackElo "725"]
[PlyCount "56"]
[GameId "2160767909258694"]
[EventDate "2013.08.14"]
[EventType "swiss"]
[EventRounds "9"]
[EventCountry "CAN"]
[SourceTitle "EXT 2022"]
[Source "ChessBase"]
[SourceDate "2021.10.06"]
[SourceVersion "1"]
[SourceVersionDate "2021.10.06"]
[SourceQuality "1"]

1. e4 e5 2. Nf3 Nc6 3. Bc4 Bc5 4. O-O Nf6 5. Nc3 O-O 6. d3 d6 7. Bg5 h6 8. Be3 Bg4 9. h3 Bh5 10. Bxc5 dxc5 11. Nd5 Nxd5 12. exd5 Nd4 13. Nxd4 Bxd1 14. Raxd1 exd4 15. Rfe1 Qg5 16. Re4 Qf6 17. c3 Rad8 18. Rde1 g6 19. g3 Qf5 20. g4 Qf3 21. R1e3 dxe3 22. b4 b5 23. Bxb5 Rxd5 24. bxc5 c6 25. Ba6 Qxh3 26. c4 Rxd3 27. fxe3 Rd2 28. Rf4 Qg2# 0-1

[Event "NAYCC U08 w"]
[Site "Toronto CAN"]
[Date "2013.08.18"]
[Round "8"]
[White "Radin, Claire"]
[Black "Levkov, Sabina"]
[Result "1-0"]
[WhiteElo "864"]
[BlackElo "451"]
[PlyCount "47"]
[GameId "2160767909258695"]
[EventDate "2013.08.14"]
[EventType "swiss"]
[EventRounds "9"]
[EventCountry "CAN"]
[SourceTitle "EXT 2022"]
[Source "ChessBase"]
[SourceDate "2021.10.06"]
[SourceVersion "1"]
[SourceVersionDate "2021.10.06"]
[SourceQuality "1"]

1. e4 e5 2. Nf3 Nc6 3. Bc4 Nf6 4. Ng5 Nxe4 5. Nxe4 d5 6. Bb5 dxe4 7. Nc3 Bf5 8. O-O Bb4 9. b3 O-O 10. Bb2 Nd4 11. Bc4 Bxc3 12. Bxc3 Nc6 13. Qh5 Bg6 14. Qe2 Nd4 15. Bxd4 exd4 16. d3 exd3 17. Bxd3 Re8 18. Qd2 Bxd3 19. Qxd3 c5 20. Rfe1 b6 21. Re4 Qd5 22. Rae1 h6 23. Rxe8+ Rxe8 24. Rxe8# 1-0

[Event "NAYCC U08 w"]
[Site "Toronto CAN"]
[Date "2013.08.18"]
[Round "8"]
[White "Radin, Paige"]
[Black "Yu, Larina R"]
[Result "0-1"]
[WhiteElo "657"]
[BlackElo "630"]
[PlyCount "38"]
[GameId "2160767909258696"]
[EventDate "2013.08.14"]
[EventType "swiss"]
[EventRounds "9"]
[EventCountry "CAN"]
[SourceTitle "EXT 2022"]
[Source "ChessBase"]
[SourceDate "2021.10.06"]
[SourceVersion "1"]
[SourceVersionDate "2021.10.06"]
[SourceQuality "1"]

1. e4 e5 2. Nf3 Nc6 3. Nc3 Nf6 4. Bc4 Bc5 5. d3 d6 6. Bg5 Be6 7. Qd2 h6 8. Be3 Bb6 9. O-O-O Qd7 10. Bxb6 axb6 11. Bxe6 fxe6 12. Nb5 O-O 13. Rhe1 Rxa2 14. Kb1 Rfa8 15. c3 Nb4 16. cxb4 Qxb5 17. Rc1 Qa4 18. b3 Qxb3+ 19. Qb2 Qxb2# 0-1

[Event "NAYCC U08 w"]
[Site "Toronto CAN"]
[Date "2013.08.18"]
[Round "8"]
[White "Schlaak, Alexis J"]
[Black "Zhang, Wendy"]
[Result "1-0"]
[WhiteElo "863"]
[BlackElo "366"]
[PlyCount "41"]
[GameId "2160767909258697"]
[EventDate "2013.08.14"]
[EventType "swiss"]
[EventRounds "9"]
[EventCountry "CAN"]
[SourceTitle "EXT 2022"]
[Source "ChessBase"]
[SourceDate "2021.10.06"]
[SourceVersion "1"]
[SourceVersionDate "2021.10.06"]
[SourceQuality "1"]

1. e4 e5 2. Nf3 Nc6 3. Bc4 Nf6 4. Ng5 d5 5. exd5 Na5 6. d3 Nxc4 7. dxc4 Ng4 8. h3 Nh6 9. O-O Be7 10. Nf3 Qd7 11. Nxe5 Qf5 12. Re1 Bb4 13. Bd2 Bd6 14. Ng6+ Qe5 15. Rxe5+ Bxe5 16. Nxh8 Bxb2 17. Qe2+ Be6 18. dxe6 Bxa1 19. exf7+ Kf8 20. Bb4+ c5 21. Bxc5# 1-0

[Event "NAYCC U08 w"]
[Site "Toronto CAN"]
[Date "2013.08.18"]
[Round "9"]
[White "Gilani, Mysha"]
[Black "Gorti, Atmika"]
[Result "1-0"]
[WhiteElo "1004"]
[BlackElo "659"]
[PlyCount "41"]
[GameId "2160767909258698"]
[EventDate "2013.08.14"]
[EventType "swiss"]
[EventRounds "9"]
[EventCountry "CAN"]
[SourceTitle "hb 2013"]

1. e4 e5 2. Nf3 Nc6 3. Bc4 Bc5 4. Nc3 Nf6 5. d3 d6 6. Bg5 Be6 7. Bd5 O-O 8. Qd2 h6 9. Bh4 Bb4 10. a3 Ba5 11. b4 Bb6 12. O-O Nd4 13. Kh1 Nxf3 14. gxf3 Qe7 15. Rg1 Nxd5 16. Nxd5 g5 17. Nxe7+ Kh8 18. Bxg5 hxg5 19. Qxg5 Rg8 20. Qf6+ Kh7 21. Qh4# 1-0

[Event "NAYCC U08 w"]
[Site "Toronto CAN"]
[Date "2013.08.18"]
[Round "9"]
[White "Guo, Hazel"]
[Black "Radin, Paige"]
[Result "1-0"]
[WhiteElo "961"]
[BlackElo "657"]
[PlyCount "75"]
[GameId "2160767909258699"]
[EventDate "2013.08.14"]
[EventType "swiss"]
[EventRounds "9"]
[EventCountry "CAN"]
[SourceTitle "hb 2013"]

1. e4 e5 2. Nc3 Nf6 3. f4 Nc6 4. Nf3 d6 5. Bc4 Bg4 6. O-O Qd7 7. Qe1 Bxf3 8. gxf3 exf4 9. d4 O-O-O 10. d5 Nd4 11. Qd2 Nxf3+ 12. Rxf3 Qg4+ 13. Qg2 Qd7 14. Bb5 c6 15. dxc6 bxc6 16. Ba6+ Kb8 17. Na4 c5 18. Rb3+ Ka8 19. Bb7+ Kb8 20. Bc6+ Kc7 21. Bxd7 Rxd7 22. Bxf4 Re7 23. e5 dxe5 24. Qb7+ Kd6 25. Rd1+ Ke6 26. Qc8+ Nd7 27. Nxc5+ Kf6 28. Bg3 Nxc5 29. Qxc5 Rb7 30. Qxe5+ Kg6 31. Rxb7 f6 32. Qe4+ f5 33. Qe6+ Kg5 34. Rd5 g6 35. h4+ Kh6 36. Bf4+ Kh5 37. Bg5 Rg8 38. Qe2# 1-0

[Event "NAYCC U08 w"]
[Site "Toronto CAN"]
[Date "2013.08.18"]
[Round "9"]
[White "Levkov, Sabina"]
[Black "Zhang, Wendy"]
[Result "1-0"]
[WhiteElo "451"]
[BlackElo "366"]
[PlyCount "78"]
[GameId "2160767909258700"]
[EventDate "2013.08.14"]
[EventType "swiss"]
[EventRounds "9"]
[EventCountry "CAN"]
[SourceTitle "hb 2013"]

1. e4 e5 2. Nf3 Nc6 3. Nc3 Bc5 4. Bc4 Nf6 5. d3 O-O 6. Bg5 h6 7. Bxf6 Qxf6 8. O-O d5 9. Nxd5 Qg6 10. Nxc7 Rb8 11. Nb5 Bh3 12. g3 Bxf1 13. Qxf1 h5 14. Bd5 Ne7 15. Bb3 h4 16. Nxh4 Qg4 17. h3 Qg5 18. Nf3 Qf6 19. Qe2 a6 20. Nc3 Nc6 21. Rb1 Bd4 22. Nxd4 Nxd4 23. Qe3 Nxb3 24. axb3 b5 25. b4 Rbc8 26. Qb6 Ra8 27. Ra1 Qf3 28. Rxa6 Rxa6 29. Qxa6 Re8 30. Qxb5 Re6 31. Qb8+ Kh7 32. Nd5 Rh6 33. Kh2 Qg4 34. h4 Qd1 35. c3 Qe1 36. Kg2 Qd2 37. d4 exd4 38. cxd4 Re6 39. e5 Rg6 1-0

[Event "NAYCC U08 w"]
[Site "Toronto CAN"]
[Date "2013.08.18"]
[Round "9"]
[White "Minzak, Anna"]
[Black "Radin, Claire"]
[Result "0-1"]
[WhiteElo "867"]
[BlackElo "864"]
[PlyCount "70"]
[GameId "2160767909258701"]
[EventDate "2013.08.14"]
[EventType "swiss"]
[EventRounds "9"]
[EventCountry "CAN"]
[SourceTitle "hb 2013"]

1. e4 e5 2. Nf3 Nc6 3. Bc4 Bc5 4. O-O Nf6 5. d3 d6 6. Nc3 Bg4 7. h3 Be6 8. Bb3 Qd7 9. Bg5 O-O-O 10. Bxe6 Qxe6 11. Bxf6 Qxf6 12. Nd5 Qg6 13. Nh4 Qe6 14. Qg4 Qxg4 15. hxg4 Rhe8 16. c3 Ne7 17. Nxe7+ Rxe7 18. b4 Bb6 19. a4 a5 20. bxa5 Bxa5 21. Rac1 d5 22. d4 exd4 23. exd5 Rxd5 24. c4 Rg5 25. f3 h5 26. Rfe1 Bxe1 27. g3 hxg4 28. fxg4 Rxg4 29. Ng2 Bxg3 30. a5 Bf4 31. Rb1 Re2 32. Kf1 Rgxg2 33. Rb5 Rgf2+ 34. Kg1 Bh2+ 35. Kh1 Re1# 0-1

[Event "NAYCC U08 w"]
[Site "Toronto CAN"]
[Date "2013.08.18"]
[Round "9"]
[White "Sivapathasundaram, Nithusa"]
[Black "Schlaak, Alexis J"]
[Result "0-1"]
[WhiteElo "533"]
[BlackElo "863"]
[PlyCount "70"]
[GameId "2160767909258703"]
[EventDate "2013.08.14"]
[EventType "swiss"]
[EventRounds "9"]
[EventCountry "CAN"]
[SourceTitle "EXT 2022"]
[Source "ChessBase"]
[SourceDate "2021.10.06"]
[SourceVersion "1"]
[SourceVersionDate "2021.10.06"]
[SourceQuality "1"]

1. e4 e5 2. Nc3 Nf6 3. Nf3 Nc6 4. d3 Bb4 5. Bg5 h6 6. Bxf6 Qxf6 7. a3 Bxc3+ 8. Ke2 Ba5 9. b4 Bb6 10. c3 O-O 11. Qd2 d6 12. Re1 Bg4 13. h3 Bxf3+ 14. gxf3 Qh4 15. Rh2 Rad8 16. Kd1 d5 17. Rg2 dxe4 18. fxe4 a5 19. bxa5 Bxa5 20. f3 Nd4 21. Qf2 Qxf2 22. Rxf2 Bxc3 23. Rd2 Bxd2 24. Kxd2 Nxf3+ 25. Kd1 Nxe1 26. Kxe1 Ra8 27. Be2 Rxa3 28. d4 exd4 29. e5 Rxh3 30. Bf1 Rh1 31. Kd1 Rxf1+ 32. Kd2 Rf3 33. Kc1 Rf2 34. Kb1 Ra8 35. Kc1 Ra1# 0-1